| 000 | 00429nam a2200157 a 4500 | ||
|---|---|---|---|
| 001 | 1801 | ||
| 005 | 20140414131923.0 | ||
| 008 | 010323s19uu xx 00 eng d | ||
| 050 |
_aER _bM71 1985 |
||
| 245 |
_aMy tall book of mother goose / _cillustrated by Linda Winchester. |
||
| 260 |
_aNew York : _bPlaymore, _c1985. |
||
| 300 | _a1 v. p. : ill. ; cm. | ||
| 440 | _aPreschool Press. | ||
| 650 | _aRhymes. | ||
| 999 |
_c111862 _d111862 |
||